Chemical reaction engineering

Saved in:
Bibliografiske detaljer
Hovedforfatter: Levenspiel, Octave (Author)
Format: Bog
Sprog:engelsk
Udgivet: Nueva York John Wiley 1999
Udgivelse:3a. ed
Fag:
Tags: Tilføj Tag
Ingen Tags, Vær først til at tagge denne postø!

MARC

LEADER 00000nam a2200000 a 4500
001 UCP5150
003 CL-VaPUC
008 990903e19990000US |||||||||||||||||eng|d
020 |a 047125424X 
082 0 4 |a 660.299  |b LEV  |2 21 
100 |a Levenspiel, Octave  |e author  |9 601209 
245 1 0 |a Chemical reaction engineering 
250 |a 3a. ed 
300 |a 668 p 
942 |c BK 
945 |d 19990903 00:00:00  |a rbrito 
260 |a Nueva York  |b John Wiley  |c 1999 
650 0 |a Reacciones químicas  |9 259438 
650 0 |a Cinética  |9 260943 
650 7 |a TEMPERATURA  |2 CL-VaPUC  |9 433298 
650 7 |a MODELO DE DISPERSION  |2 CL-VaPUC  |9 433299 
650 7 |a REACCIONES CATALICAS  |2 CL-VaPUC  |9 433300 
650 0 |a Bioquímica   |9 259492 
650 0 |a Enzimas  |9 262984 
650 0 |a Fermentación  |9 259565 
583 |a last modification  |c 19990903 00:00:00  |k Rodrigo Vera 
999 |c 282945  |d 282943 
952 |0 0  |1 0  |4 0  |6 660_299000000000000_LEV_1999  |7 0  |8 A  |9 325605  |a BIBING  |b BIBING  |d 2019-11-20  |i 3559424  |o 660.299 LEV 1999  |p 3559424  |r 2025-01-20  |w 2019-11-20  |y BK  |k ING 
952 |0 0  |1 0  |4 0  |6 660_299000000000000_LEV_1999  |7 0  |8 A  |9 325606  |a BIBING  |b BIBING  |d 2019-11-20  |i 3559432  |l 1  |o 660.299 LEV 1999  |p 3559432  |r 2025-01-20  |s 2022-10-11  |w 2019-11-20  |y BK  |k ING 
952 |0 0  |1 0  |4 0  |6 660_299000000000000_LEV_1999  |7 0  |8 A  |9 325607  |a BIBING  |b BIBING  |d 2019-11-20  |i 428156K  |l 1  |o 660.299 LEV 1999  |p 428156K  |r 2025-01-20  |s 2024-09-03  |w 2019-11-20  |y BK  |k EIB